000 00195 a2200085 4500
001 59802
090 _c36649
_d36649
245 _aWaqiat Anbya, Sahaba Aur Auliya
260 _aLahore
_bGohar Publications
_c2008
942 _aNUST-CAE
999 _c294875
_d294875